Tekken Characters by Description - Statistics

General Stats
  • This quiz has been taken 359 times
  • The average score is 10 of 13
Answer Stats
Hint Answer % Correct
Sexy blonde assassin who maintains a deadly rivalry with her sister Nina Williams
91%
Japanese male notorious for his flame decal pants Jin Kazama
90%
Japanese male with jet black hair, he made a deal with the Devil Kazuya Mishima
90%
The most notorious head of the Mishima Zaibatsu. Older man Heihachi Mishima
89%
Male wrestler who wears a jaguar mask King
89%
Vivacious brunette with a mean fashion sense. Sister to above^ Anna Williams
88%
Wooden fighter Mokujin
81%
Male with spikey blonde hair, also named after a mythical bird Paul Phoenix
75%
Bubbly teenager known for her pigtails and affiliation with Panda Ling Xiaoyu
73%
French socialite known for her lavish lifestyle Lili De Rochefort
70%
Hot tempered female known for her rivalry with Lili Asuka Kazama
68%
Egyptian female who is known for her scropion technique Zafina
68%
This female is half native american, half chinese. She supposedly has an masked alter-ego Julia Chang
61%
No matching quizzes found
Score Distribution
Percent of People with Each Score
Percentile by Number Answered
Your Score History
You have not taken this quiz